| Tag |
First Indicator |
Second Indicator |
Subfields |
| LEADER |
00000cam a22000007 4500 |
| 001 |
in00000014078 |
| 005 |
20151007052132.0 |
| 008 |
860807s1982 maua j b 00000 eng d |
| 020 |
|
|
|a 0205067727
|
| 035 |
|
|
|a (OCoLC)14054968
|
| 035 |
|
|
|9 AAA6428AM
|
| 040 |
|
|
|a CIN
|c CIN
|d m/c
|d TXA
|d UtOrBLW
|
| 049 |
|
|
|a [Curr Col] TXAM
|c [A08320299]
|
| 050 |
|
4 |
|a H86
|b .E54 1982
|
| 110 |
2 |
|
|a Educational Research Council of America.
|b Social Science Staff.
|
| 245 |
1 |
0 |
|a Learning about my world :
|b teacher's guide /
|c prepared by the Social Science Staff of the Educational Research Council of America.
|
| 264 |
|
1 |
|a Boston :
|b Allyn and Bacon,
|c [1982]
|
| 264 |
|
4 |
|c ©1982
|
| 300 |
|
|
|a iv, A-15, 191 pages :
|b illustrations ;
|c 26 cm.
|
| 336 |
|
|
|a text
|b txt
|2 rdacontent
|
| 337 |
|
|
|a unmediated
|b n
|2 rdamedia
|
| 338 |
|
|
|a volume
|b nc
|2 rdacarrier
|
| 490 |
1 |
|
|a Concepts and understanding
|
| 500 |
|
|
|a For Kindergarten.
|
| 504 |
|
|
|a Bibliography: pages 183-191.
|
| 650 |
|
0 |
|a Social sciences
|x Study and teaching (Elementary)
|
| 830 |
|
0 |
|a Concepts and understanding.
|
| 999 |
|
|
|a MARS
|
| 999 |
f |
f |
|s 78a9baa1-1253-39bb-9c1c-56cabd539d5f
|i d70827b1-8e77-30ce-b877-98b2c4330e0f
|t 0
|
| 952 |
f |
f |
|p ric
|a Texas A&M University
|b Rellis Campus
|c Joint Library Facility
|d Remote Storage
|t 0
|e H86 .E54 1982
|h Library of Congress classification
|i unmediated -- volume
|m A14808320299
|
| 998 |
f |
f |
|a H86 .E54 1982
|t 0
|l Remote Storage
|